Länder, in denen es heute noch einen König gibt - Statistiken

Allgemein
  • Dieses Quiz wurde 144 mal gespielt
  • Das Durchschnittsergebnis liegt bei 9 aus 18
Antwortstatistiken
👑 Land % Korrekt
König Schweden🇸🇪
95%
König Norwegen🇳🇴
90%
König Niederlande🇳🇱
87%
König Spanien🇪🇸
84%
König Vereinigtes Königreich🇬🇧
84%
Königin Dänemark🇩🇰
81%
König Belgien🇧🇪
74%
König Thailand🇹🇭
56%
König Saudi-Arabien🇸🇦
49%
König Jordanien🇯🇴
38%
König Marokko🇲🇦
38%
König Bhutan🇧🇹
33%
König Eswatini🇸🇿
29%
König Lesotho🇱🇸
27%
König Kambodscha🇰🇭
17%
König Tonga🇹🇴
12%
König (in bestimmten Regionen) Sambia🇿🇲
6%
König (als Teil des Commonwealth) Vanuatu🇻🇺
5%
Keine übereinstimmenden Quizze gefunden
Verteilung der Resultate
Anzahl Personen mit jedem Resultat
Perzentil nach korrekt beantworteten Fragen
Ihre Resultats-Entwicklung
Sie haben dieses Quiz noch nicht gespielt